Lily Allen: Complete Discography - Statistics

General Stats
  • This quiz has been taken 54 times
    1 since last reset
  • The average score is 10 of 102
Answer Stats
Album Song % Correct
Sheezus Air Balloon
100%
Alright, Still Alfie
100%
Alright, Still Knock 'Em Out
100%
Alright, Still LDN
100%
West End Girl Madeline
100%
West End Girl Pussy Palace
100%
West End Girl Ruminating
100%
Alright, Still Smile
100%
Sheezus (Bonus) Somewhere Only We Know
100%
West End Girl West End Girl
100%
Features 1%
0%
It's Not Me, It's You 22
0%
West End Girl 4chan Stan
0%
Features 5 O'Clock
0%
Alright, Still (Bonus) Absolutely Nothing
0%
Duets / Collaborations Always Happens Like That
0%
No Shame Apples
0%
Sheezus As Long As I Got You
0%
It's Not Me, It's You Back To The Start
0%
Sheezus (Bonus) Bass Like Home
0%
West End Girl Beg For Me
0%
Alright, Still (Bonus) Blank Expression
0%
No Shame Cake
0%
Alright, Still (Bonus) Cheryl Tweedy
0%
It's Not Me, It's You Chinese
0%
Features Cigarettes & Cush
0%
Sheezus Close Your Eyes
0%
No Shame Come On Then
0%
West End Girl Dallas Major
0%
Features Dream a Little Dream
0%
Duets / Collaborations Drivin' Me Wild
0%
Alright, Still (Bonus) Everybody's Changing
0%
It's Not Me, It's You Everyone's At It
0%
Alright, Still Everything's Just Wonderful
0%
No Shame Everything To Feel Something
0%
It's Not Me, It's You (Bonus) Fag Hag
0%
No Shame Family Man
0%
Alright, Still Friday Night
0%
Alright, Still Friend Of Mine
0%
West End Girl Fruity Loop
0%
It's Not Me, It's You Fuck You
0%
Sheezus Hard Out Here
0%
Features Heaven's Gate
0%
It's Not Me, It's You He Wasn't There
0%
No Shame Higher
0%
It's Not Me, It's You Him
0%
Sheezus (Bonus) Holding On To Nothing
0%
It's Not Me, It's You I Could Say
0%
Sheezus Insincerely Yours
0%
Sheezus Interlude
0%
Features Just Be Good to Green
0%
West End Girl Just Enough
0%
It's Not Me, It's You (Bonus) Kabul Shit
0%
Duets / Collaborations King Many Layers
0%
Sheezus L8 CMMR
0%
West End Girl Let You Win
0%
Sheezus Life For Me
0%
Soundtracks Little Soldier
0%
Alright, Still Littlest Things
0%
No Shame Lost My Mind
0%
Sheezus (Bonus) Miserable Without Your Love
0%
Alright, Still (Bonus) Mr. Blue Sky
0%
No Shame My One
0%
Alright, Still (Bonus) Nan You're A Window Shopper
0%
It's Not Me, It's You Never Gonna Happen
0%
West End Girl Nonmonogamummy
0%
Alright, Still Not Big
0%
It's Not Me, It's You Not Fair
0%
Features Oh My God
0%
Sheezus Our Time
0%
Features Plain
0%
No Shame Pushing Up Daisies
0%
Features Rawhide
0%
West End Girl Relapse
0%
Features Roll The Dice
0%
Alright, Still Shame For You
0%
Sheezus Sheezus
0%
Duets / Collaborations Shelter You
0%
Sheezus Silver Spoon
0%
West End Girl Sleepwalking
0%
Duets / Collaborations Something Better
0%
Soundtracks Something's Not Right
0%
Features Sweet Like Chocolate
0%
Sheezus Take My Place
0%
Alright, Still Take What You Take
0%
West End Girl Tennis
0%
It's Not Me, It's You The Fear
0%
No Shame Three
0%
No Shame Trigger Bang
0%
Features True Love
0%
Alright, Still (Bonus) U Killed It
0%
Sheezus URL Badman
0%
Features Wanna Be
0%
No Shame Waste
0%
No Shame What You Waiting For?
0%
It's Not Me, It's You Who'd Have Known
0%
Sheezus (Bonus) Who Do You Love?
0%
Duets / Collaborations Who Invented Fish & Chips?
0%
It's Not Me, It's You (Bonus) Why
0%
Sheezus (Bonus) Wind Your Neck In
0%
It's Not Me, It's You (Bonus) Womanizer
0%
No Shame Your Choice
0%
No matching quizzes found
Score Distribution
Percent of People with Each Score
Percentile by Number Answered
Your Score History
You have not taken this quiz since the last reset